Life is What You Make it (Record no. 94727)

MARC details
000 -LEADER
fixed length control field 00463nam a2200181Ia 4500
008 - FIXED-LENGTH DATA ELEMENTS--GENERAL INFORMATION
fixed length control field 230125s9999 xx 000 0 und d
020 ## - INTERNATIONAL STANDARD BOOK NUMBER
International Standard Book Number 9789380349305
041 ## - LANGUAGE CODE
Language code of text/sound track or separate title eng
082 ## - DEWEY DECIMAL CLASSIFICATION NUMBER
Classification number 823
Item number SHE
100 ## - MAIN ENTRY--PERSONAL NAME
Personal name Shenoy P
9 (RLIN) 117004
245 ## - TITLE STATEMENT
Title Life is What You Make it
250 ## - EDITION STATEMENT
Edition statement Ed.1st
260 ## - PUBLICATION, DISTRIBUTION, ETC. (IMPRINT)
Date of publication, distribution, etc. 2011
Name of publisher, distributor, etc. Srishti publishers and distributors
Place of publication, distribution, etc. New Delhi
300 ## - PHYSICAL DESCRIPTION
Extent 209p
700 ## - ADDED ENTRY--PERSONAL NAME
Personal name Shenoy P
9 (RLIN) 117004
906 ## - LOCAL DATA ELEMENT F, LDF (RLIN)
b 37.2
Holdings
Withdrawn status Lost status Damaged status Not for loan Home library Current library Date acquired Vendor Cost, normal purchase price Bill number Total Checkouts Total Renewals Full call number Barcode Checked out Date last seen Date last checked out Cost, replacement price Bill Date Koha item type Original Barcode
        Smt. Hiraben Nanavati Institute of Management & Research for Women Smt. Hiraben Nanavati Institute of Management & Research for Women 15/03/2017 Suyog Enterprises 120.00 SE/SI/3892 13 4 823 SHE B15603 HIMR-BK-15603 31/03/2026 24/03/2026 24/03/2026 82.80 09/03/2017 Books B15603